000 00661nam a2200205 a 4500
001 000024312
005 20240305132039.0
008 110126s1994 dr 000 0 spa d
040 _aDO-SdBNP
_bspa
_cBNPHU
082 _axxx
_bB828p
100 1 _aBrea, Ramonina
_98319
245 1 0 _aPropuestas para la reforma constitucional en la República Dominicana /
_cRamonina Brea.
260 _aSanto Domingo :
_bPontificia Universidad Católica Madre y Maestra,
_c1994.
300 _a79 p. ;
_c29 cm.
490 1 _aDocumentos
500 _aIncluye notas al pie de las páginas
504 _aBibliografía : p. 75-79
830 0 _aDocumentos
_91047
049 _aBNPD
999 _c23805
_d23805